| 000 | 00458nam a22001691a 4500 | ||
|---|---|---|---|
| 001 | 4931 | ||
| 003 | OSt | ||
| 005 | 20260204211954.0 | ||
| 008 | 051010s1982||||dr ||||||b||||||||||spa|| | ||
| 050 | _aRD 863.44 C278v | ||
| 100 | _aCastillo, Rafael Eduardo | ||
| 245 | _aLa viuda de Martín Contreras y otros cuentos / Rafael Eduardo Castillo | ||
| 264 | _aSanto Domingo: Amigo del Hogar | ||
| 300 | _a80 p | ||
| 650 | _aCuento DominicanioÌ | ||
| 942 |
_2ddc _cBK |
||
| 999 |
_c4931 _d4931 |
||